00295nam a2200121Ia 4500008004100000082001600041100001600057245003800073250000800111260003800119300000800157650000800165191201s2010 xx 000 0 und d a658.15bMIS aMISHRA, R.C 0aFundamental of Finance Management a1ST aN. DelhibGlobal vision pubc2010 a331 aBBA